00794nam a2200205Ia 4500008004100000020001500041040001800056041000800074060001400082100002200096245015000118260006600268300005600334504003900390650003500429650002900464650004900493700002400542700002200566130821s2000 xxua gr eng  a070202242X aCo-BoUCMbspa00aeng aWX 218251 aHumphreys, Hilary10aIntensive care infections a practical guide to diagnosis and management in adult patients.cHilary Humphreys, Sheila Willatts, Jean Louis Vicent aFiladelfia (Pensilvania, Estados Unidos)bW.B. Saundersc2000 axiii, 219 páginasbilustraciones, cuadros, tablas aIncluye bibliográfia e índice.04aCuidados intensivos (Medicina)04aInfecciónvDiagnostico04aUnidades de cuidados intensivosxInfección aVicent, Jean Louis. aWillatts, Sheila.